000 00388cam a22001217a 4500
008 180718b1989 xxu||||| |||| 00| 0 eng d
082 _aL71503x54 B179
100 _aBakshi, P.M.
245 _aForum selection clause and other lectures
_cby P.M. Bakshi
260 _aLucknow
_bInstitute of Judicial Training and Research
_c1989
300 _a155p.
650 _aContracts - Legislation - India
999 _c476279
_d476279